| 000 | 00505nam a2200205 i 4500 | ||
|---|---|---|---|
| 001 | 00000000132703 | ||
| 003 | OSt | ||
| 005 | 20130430153217.0 | ||
| 008 | 020226s1978 esp046 g 1i spa d | ||
| 020 | _a84-239-0098-3 | ||
| 040 | _cBMC | ||
| 082 | _a861.1 | ||
| 100 |
_9200 _aRuiz, Juan _cArcipreste de Hita |
||
| 245 | 1 | 0 |
_aLibro de Buen Amor _cArcipreste de Hita |
| 250 | _a15ยช ed | ||
| 260 |
_aMadrid _bEspasa-Calpe _c1978 |
||
| 300 |
_a162 p. _b18 cm |
||
| 490 |
_aAustral _v98 |
||
| 942 |
_2ddc _cBK |
||
| 999 |
_c193 _d193 |
||